Management of Banking and Financial Services (Record no. 16004)
[ view plain ]
| 000 -LEADER | |
|---|---|
| fixed length control field | 00389nam a22001457a 4500 |
| 020 ## - INTERNATIONAL STANDARD BOOK NUMBER | |
| International Standard Book Number | 9789332507470 |
| 082 ## - DEWEY DECIMAL CLASSIFICATION NUMBER | |
| Classification number | 332.1 SUR |
| 100 ## - MAIN ENTRY--PERSONAL NAME | |
| Personal name | SURESH,Padmalatha |
| 245 ## - TITLE STATEMENT | |
| Title | Management of Banking and Financial Services |
| 260 ## - PUBLICATION, DISTRIBUTION, ETC. | |
| Place of publication, distribution, etc. | Delhi |
| Name of publisher, distributor, etc. | Pearson Education |
| Date of publication, distribution, etc. | 2014 |
| 300 ## - PHYSICAL DESCRIPTION | |
| Extent | ix,683p. |
| Other physical details | ill.;27cm |
| 500 ## - GENERAL NOTE | |
| General note | Include appendix and index |
| 650 ## - SUBJECT ADDED ENTRY--TOPICAL TERM | |
| Topical term or geographic name entry element | Management of Banking |
| 942 ## - ADDED ENTRY ELEMENTS (KOHA) | |
| Koha item type | Books |
| Withdrawn status | Lost status | Source of classification or shelving scheme | Damaged status | Not for loan | Home library | Current library | Shelving location | Date acquired | Total Checkouts | Full call number | Barcode | Date last seen | Date last checked out | Price effective from | Koha item type | Collection code |
|---|---|---|---|---|---|---|---|---|---|---|---|---|---|---|---|---|
| Dewey Decimal Classification | IFM Main Campus Library | IFM Main Campus Library | 06/02/2016 | 1 | 332.1 SUR | 0000020113 | 09/15/2021 | 07/01/2020 | 02/19/2022 | Books | ||||||
| Dewey Decimal Classification | IFM Mwanza Campus | IFM Mwanza Campus | Mwanza Teaching Center | 06/02/2016 | 332.1 SUR | 0000023139 | 08/30/2023 | 02/19/2022 | Books | Non-fiction | ||||||
| Dewey Decimal Classification | IFM Mwanza Campus | IFM Mwanza Campus | Mwanza Teaching Center | 06/02/2016 | 332.1 SUR | 0000020112 | 08/30/2023 | 02/19/2022 | Books | Non-fiction |
